| 000 | 01405nam a2200133 4500 | ||
|---|---|---|---|
| 999 |
_c734 _d734 |
||
| 020 | _a8122413900 | ||
| 050 |
_aHF 5635 _bCHA |
||
| 100 | _aChakravarty, S.K. | ||
| 245 |
_aFundamentals of Accounting for C.A. Professionals Education Course - 1 _cChakravarty, S.K. |
||
| 260 |
_aNew Delhi, India _bNew Age International Limited _c2002 |
||
| 300 | _a796 | ||
| 505 | _aAccounting as ameasure Discipline and Accounting Concepts Double Entry System, Journal and Ledger Cash Book Bank Reconciliation Statement Trial Balance Subsidiary Books of Accounts Rectification of Errors Bad Debts, provision for Bad Debts, Provision for Discount on Debtors Preparation of Final Accounts Final Accounts (Non Trading Concern) Accounts of professional Firms Depreciation Accounting Including Methods Thereof and Reserves Inventory Valuation Consignment Accounts Joint Venture Accounts Average Due Date and Account Current Bills of Exchange and Promissory Notes Self balancing and Sectional Balancing System Introduction to Partnership Accounts Treatment of Goodwill in Partnership Accounts Admission of a New Partner Retirement of a Partner Death of a Partner Dissolution of Partnership Amalgamation of Firms and Conversion/ Sale to a company Goods on Sale or Return Insurance Claims Concept of a Accounting Standards and Standard Setting Process Accounting Policies and Their Disclosure | ||
| 942 | _cBK | ||